Geography Sorting - Europe - Statistics

General Stats
  • This quiz has been taken 430 times
  • The average score is 49 of 60
Answer Stats
Hint Answer % Correct
Zagreb Ca
98%
Berlin Ca
98%
Copenhagen Ca
98%
Geneva Ci
98%
Montenegro Co
98%
Sweden Co
98%
Belgium Co
98%
Liechtenstein Co
98%
Romania Co
98%
Lithuania Co
98%
Vaduz Ca
97%
Amsterdam Ca
97%
Helsinki Ca
97%
Frankfurt Ci
97%
Portugal Co
97%
Ukraine Co
97%
Skopje Ca
96%
Tallinn Ca
96%
Odessa Ci
96%
Krakow Ci
96%
Rotterdam Ci
96%
Milan Ci
96%
Italy Co
96%
Katowice Ci
95%
Bergen Ci
95%
Andorra Co
95%
Andorra la Vella Ca
93%
Brussels Ca
93%
Barcelona Ci
93%
Czech Republic Co
93%
Budapest Ca
91%
Bratislava Ca
91%
Brno Ci
91%
Slovenia Co
91%
Chisinau Ca
89%
Naples Ci
87%
Manchester Ci
86%
Leeds Ci
85%
Dubrovnik Ci
84%
France Co
83%
Dublin Ca
80%
Thessaloniki Ci
78%
Nicosia Ca
76%
Malta Co
74%
Bilbao Ci
72%
Minsk Ca
70%
Estonia Co
66%
Kaunas Ci
63%
Lithuania Co
60%
Germany Co
59%
Moscow Ca
57%
Saint Petersburg Ci
55%
Kiev Ca
53%
Cologne Ci
50%
Switzerland Co
50%
Austria Co
48%
Zurich Ci
46%
Belgrade Ca
43%
Innsbruck Ci
41%
Slovenia Co
40%
No matching quizzes found
Score Distribution
Percent of People with Each Score
Percentile by Number Answered
Your Score History
You have not taken this quiz